|
|
|
|
| LEADER |
00000nam0a2200000 4500 |
| 001 |
234894 |
| 005 |
20231101231346.0 |
| 035 |
|
|
|a (RuTPU)RU\TPU\book\256023
|
| 090 |
|
|
|a 234894
|
| 100 |
|
|
|a 20130401d1934 m y0rusy50 ca
|
| 101 |
0 |
|
|a rus
|
| 102 |
|
|
|a RU
|
| 105 |
|
|
|a a z 000zy
|
| 200 |
1 |
|
|a Оборудование и эксплуатация нефтяных скважин
|e превентер завода Шмидт
|h Разд. : 2
|
| 210 |
|
|
|a [Б. м.]
|c 1934
|d Б.и.
|
| 215 |
|
|
|a 36 с.
|c ил.
|
| 606 |
1 |
|
|a Бурильные инструменты
|2 stltpush
|3 (RuTPU)RU\TPU\subj\30434
|9 53542
|
| 610 |
1 |
|
|a превентеры
|
| 610 |
1 |
|
|a детали
|
| 610 |
1 |
|
|a элеваторы
|
| 610 |
1 |
|
|a лебедки
|
| 610 |
1 |
|
|a трансмиссия
|
| 610 |
1 |
|
|a штанги
|
| 610 |
1 |
|
|a компрессоры
|
| 610 |
1 |
|
|a арматура
|
| 675 |
|
|
|a 622.24.05
|v 3
|
| 801 |
|
1 |
|a RU
|b 63413507
|c 20130401
|
| 801 |
|
2 |
|a RU
|b 63413507
|c 20130403
|g RCR
|
| 942 |
|
|
|c BK
|